[Event "European Blitz Championship 2021"]
[Site "Katowice"]
[Date "2021.12.17"]
[Round "10.13"]
[White "Luberanski, Jakub"]
[Black "Sadzikowski, Daniel"]
[Result "1/2-1/2"]
[WhiteElo "2072"]
[BlackElo "2525"]
[Annotator "ChessBase"]
[PlyCount "150"]
[EventDate "2021.12.17"]
[EventType "swiss"]
[EventCountry "POL"]
[SourceTitle "playchess.com"]
[Source "ChessBase"]
[SourceQuality "1"]

1. d4 Nf6 2. c4 e6 3. Nc3 Bb4 4. Qc2 O-O 5. a3 Bxc3+ 6. Qxc3 d6 7. Nf3 Nbd7 8.
g3 b6 9. Bg2 Bb7 10. O-O a5 11. b3 a4 12. b4 b5 13. cxb5 Nb6 14. Bg5 Rc8 15.
Nd2 Bxg2 16. Kxg2 d5 17. Rac1 h6 18. Bxf6 Qxf6 19. e3 Qe7 20. Qc5 Qd7 21. Qc6
Rfd8 22. Qxd7 Rxd7 23. Rc6 Rb8 24. Rfc1 Rb7 25. Kf3 Kf8 26. Ke2 Ke7 27. h4 h5
28. Nf3 f6 29. Nd2 Nc8 30. Ra6 Nb6 31. Rc6 Rd6 32. Nb1 Kd7 33. Rxd6+ Kxd6 34.
Nc3 Ke7 35. Nxa4 Nxa4 36. Rxa4 Rxb5 37. Ra6 Rb8 38. Kd3 g5 39. hxg5 fxg5 40. e4
dxe4+ 41. Kxe4 h4 42. gxh4 gxh4 43. Rc6 Kd7 44. Rc3 Rh8 45. Rh3 Rh5 46. Kf4 Kc6
47. Kg4 Rd5 48. Rc3+ Kd6 49. Rc4 Rf5 50. f4 h3 51. Rc3 h2 52. Rh3 Kd5 53. Rxh2
Kxd4 54. Rc2 Ke3 55. Rc3+ Ke4 56. Rc4+ Ke3 57. a4 Rf8 58. a5 Rg8+ 59. Kh5 Rb8
60. Kg6 Kd3 61. Rxc7 Rxb4 62. a6 Rxf4 63. a7 Ra4 64. Kf6 Ra6 65. Ke5 Ke3 66.
Rd7 Kf3 67. Re7 Ke3 68. Kf6 Kf4 69. Kf7 e5 70. Ke8 e4 71. Kd8 e3 72. Kc8 Kf3
73. Kb7 Rxa7+ 74. Kxa7 e2 75. Rxe2 Kxe2 1/2-1/2

[Event "European Blitz Championship 2021"]
[Site "Katowice"]
[Date "2021.12.17"]
[Round "10.13"]
[White "Skrzypczynski, Kacper"]
[Black "Niedbala, Bartlomiej"]
[Result "0-1"]
[WhiteElo "1443"]
[BlackElo "2179"]
[Annotator "NA"]
[PlyCount "60"]
[EventDate "2021.12.17"]
[EventType "swiss"]
[EventCountry "POL"]
[SourceTitle "playchess.com"]
[Source "ChessBase"]
[SourceQuality "1"]

1. d4 Nf6 2. Bg5 e6 3. e4 h6 4. Bxf6 Qxf6 5. Nf3 c5 6. c3 cxd4 7. cxd4 Bb4+ 8.
Nc3 O-O 9. a3 Bxc3+ 10. bxc3 d6 11. Bd3 e5 12. O-O Bg4 13. Be2 Bxf3 14. Bxf3
Nc6 15. d5 Na5 16. Qa4 b6 17. Be2 Rac8 18. Rac1 Rc7 19. Ba6 h5 20. Rfe1 g6 21.
Re3 Kg7 22. c4 Qe7 23. Qd1 f5 24. exf5 Rxf5 25. Rcc3 Qf6 26. Re2 Rf7 27. Rcc2
Rc7 28. Qd3 Rf4 29. c5 Rd4 30. Qb5 Rd1+ 0-1

[Event "European Blitz Championship 2021"]
[Site "Katowice"]
[Date "2021.12.17"]
[Round "10.14"]
[White "Tymrakiewicz, Rafal"]
[Black "Krawczyk, Flawian"]
[Result "1-0"]
[WhiteElo "2172"]
[BlackElo "2154"]
[Annotator "NA"]
[PlyCount "63"]
[EventDate "2021.12.17"]
[EventType "swiss"]
[EventCountry "POL"]
[SourceTitle "playchess.com"]
[Source "ChessBase"]
[SourceQuality "1"]

1. d4 Nf6 2. Bg5 d5 3. e3 c5 4. c3 Nc6 5. Nd2 e6 6. Bd3 h6 7. Bh4 Be7 8. f4
cxd4 9. exd4 g5 10. Bg3 Rg8 11. fxg5 hxg5 12. Ngf3 Bd7 13. Ne5 g4 14. O-O Nxe5
15. Bxe5 Nh5 16. Qc2 f5 17. Rae1 Qb6 18. Nb3 Nf6 19. Bxf6 Bxf6 20. Bxf5 O-O-O
21. Bxe6 Rgf8 22. Bxd7+ Rxd7 23. Nc5 Rdf7 24. Qf5+ Kc7 25. Qxd5 Kb8 26. Nd7+
Rxd7 27. Qxd7 Rd8 28. Qe6 Rd6 29. Qe8+ Rd8 30. Qe4 a5 31. Qf4+ Rd6 32. Re6 1-0

[Event "European Blitz Championship 2021"]
[Site "Katowice"]
[Date "2021.12.17"]
[Round "10.14"]
[White "Sokolowski, Jacek"]
[Black "Danielyan, Vahe"]
[Result "1-0"]
[WhiteElo "2043"]
[BlackElo "2332"]
[Annotator "NA"]
[PlyCount "55"]
[EventDate "2021.12.17"]
[EventType "swiss"]
[EventCountry "POL"]
[SourceTitle "playchess.com"]
[Source "ChessBase"]
[SourceQuality "1"]

1. e4 e5 2. Nc3 Nf6 3. g3 d5 4. exd5 Nxd5 5. Bg2 Nxc3 6. bxc3 Nc6 7. Nf3 Bc5 8.
O-O O-O 9. Re1 Bb6 10. d3 Bg4 11. h3 Bh5 12. g4 Bg6 13. Nxe5 Nxe5 14. Rxe5 c6
15. Ba3 Bc7 16. Re3 Re8 17. Qe2 Rxe3 18. Qxe3 Qf6 19. Re1 h6 20. Qd4 Qg5 21.
Be7 Qa5 22. a4 Re8 23. Qd7 f6 24. Be4 Bf7 25. Bb4 Qe5 26. Bh7+ Kxh7 27. Rxe5
Rxe5 28. Qxf7 1-0

[Event "European Blitz Championship 2021"]
[Site "Katowice"]
[Date "2021.12.17"]
[Round "10.15"]
[White "Starek, Stanislav"]
[Black "Madej, Marek"]
[Result "1/2-1/2"]
[WhiteElo "2159"]
[BlackElo "2017"]
[Annotator "NA"]
[PlyCount "47"]
[EventDate "2021.12.17"]
[EventType "swiss"]
[EventCountry "POL"]
[SourceTitle "playchess.com"]
[Source "ChessBase"]
[SourceQuality "1"]

1. e4 d5 2. exd5 Qxd5 3. Nc3 Qd6 4. d4 Nf6 5. Nf3 c6 6. g3 Bg4 7. Bg2 Nbd7 8.
Bf4 Qb4 9. Qd2 Nd5 10. Nxd5 Qxd2+ 11. Nxd2 cxd5 12. Bxd5 O-O-O 13. c3 e5 14.
dxe5 Nxe5 15. Bxe5 Rxd5 16. Bd4 Bc5 17. Bxc5 Rxc5 18. f3 Re8+ 19. Kf2 Rd5 20.
Rad1 Red8 21. Ke2 Re8+ 22. Kf2 Red8 23. Ke2 Re8+ 24. Kf2 1/2-1/2

[Event "European Blitz Championship 2021"]
[Site "Katowice"]
[Date "2021.12.17"]
[Round "10.15"]
[White "Malek, Jan"]
[Black "Gumularz, Szymon"]
[Result "1/2-1/2"]
[WhiteElo "1838"]
[BlackElo "2533"]
[Annotator "ChessBase"]
[PlyCount "139"]
[EventDate "2021.12.17"]
[EventType "swiss"]
[EventCountry "POL"]
[SourceTitle "playchess.com"]
[Source "ChessBase"]
[SourceQuality "1"]

1. e4 d6 2. d4 Nf6 3. Nc3 e5 4. Nf3 Nbd7 5. Rg1 c6 6. g4 h6 7. Be3 Qc7 8. h4 h5
9. g5 Ng4 10. Bc1 g6 11. Be2 Bg7 12. dxe5 dxe5 13. Nd2 Nc5 14. Nc4 O-O 15. f3
Rd8 16. Bd2 b5 17. fxg4 hxg4 18. Bxg4 bxc4 19. h5 Bxg4 20. Qxg4 Qd7 21. Qe2 Ne6
22. Be3 Nd4 23. Qg2 gxh5 24. Rd1 Rab8 25. g6 f6 26. b3 Qg4 27. Qxg4 hxg4 28.
Bxd4 exd4 29. Ne2 d3 30. cxd3 cxd3 31. Ng3 Bh6 32. Nf5 Bf4 33. Rxg4 Bg5 34. Kf2
d2 35. Ke2 Rb5 36. Rh1 Re5 37. g7 Kf7 38. Rd1 Rc5 39. Rh1 Rc1 40. Rgg1 Rxg1 41.
Rxg1 Re8 42. Kf3 Rd8 43. Rd1 Rd3+ 44. Ke2 Rc3 45. Rg1 Rc1 46. Rd1 a5 47. a4 Rc3
48. Rh1 Rc1 49. Rd1 Kg8 50. Ne7+ Kxg7 51. Nf5+ Kf7 52. Nd4 Ke8 53. Nf3 Rc3 54.
Nxg5 fxg5 55. Rxd2 Rxb3 56. Rd6 Rb4 57. Kf3 Rxa4 58. Rxc6 Kf7 59. Kg4 Rxe4+ 60.
Kxg5 Ke7 61. Kf5 Re1 62. Ra6 Ra1 63. Ke5 Kd7 64. Kd5 Kc7 65. Kc5 Kb7 66. Rh6
Rb1 67. Rh7+ Ka6 68. Rh6+ Ka7 69. Rh7+ Rb7 70. Rxb7+ 1/2-1/2

[Event "European Blitz Championship 2021"]
[Site "Katowice"]
[Date "2021.12.17"]
[Round "10.16"]
[White "Reimanis, Ritvars"]
[Black "Czernek, Tymon"]
[Result "1/2-1/2"]
[WhiteElo "2397"]
[BlackElo "2197"]
[Annotator "NA"]
[PlyCount "59"]
[EventDate "2021.12.17"]
[EventType "swiss"]
[EventCountry "POL"]
[SourceTitle "playchess.com"]
[Source "ChessBase"]
[SourceQuality "1"]

1. c4 e5 2. Nc3 Nf6 3. d3 d5 4. cxd5 Nxd5 5. Nf3 Nc6 6. g3 Be6 7. Bg2 Qd7 8.
Ng5 Nxc3 9. bxc3 Be7 10. Nxe6 Qxe6 11. Qb3 Qxb3 12. axb3 O-O 13. b4 a6 14. Be3
f5 15. Bd5+ Kh8 16. Bxc6 bxc6 17. Ra5 f4 18. gxf4 exf4 19. Bd4 Rab8 20. Bc5 Rf5
21. d4 Bxc5 22. dxc5 f3 23. exf3 Rxf3 24. O-O Rxc3 25. Rxa6 h6 26. Rxc6 Rxb4
27. Re1 Rg4+ 28. Kf1 Rg5 29. Rxc7 Rgxc5 30. Rxc5 1/2-1/2

[Event "European Blitz Championship 2021"]
[Site "Katowice"]
[Date "2021.12.17"]
[Round "10.16"]
[White "Lubczynski, Rafal"]
[Black "Semjonovs, Ilja"]
[Result "1-0"]
[WhiteElo "2361"]
[BlackElo "2095"]
[Annotator "ChessBase"]
[PlyCount "137"]
[EventDate "2021.12.17"]
[EventType "swiss"]
[EventCountry "POL"]
[SourceTitle "playchess.com"]
[Source "ChessBase"]
[SourceQuality "1"]

1. Nf3 Nf6 2. c4 c5 3. d4 cxd4 4. Nxd4 Nc6 5. g3 d6 6. Bg2 Bd7 7. O-O g6 8. Nc2
Bg7 9. Nc3 Rc8 10. b3 O-O 11. Bb2 Qa5 12. Ne3 Qh5 13. Qd2 Bh3 14. Ncd5 Bxg2 15.
Kxg2 Ne4 16. Qc2 Bxb2 17. Qxb2 e6 18. Nf4 Qe5 19. Qc2 h5 20. Nd3 Qf6 21. Rac1
a6 22. f3 Nc5 23. Rfd1 Rfd8 24. Nf2 b5 25. Qd2 b4 26. Nc2 Kg7 27. Nxb4 Nxb4 28.
Qxb4 h4 29. Qc3 Qxc3 30. Rxc3 hxg3 31. hxg3 Rc6 32. Rc2 Ra8 33. Rcd2 Nb7 34.
Ne4 Rd8 35. Rd4 f5 36. Nc3 Rh8 37. e4 Kf6 38. f4 Rhc8 39. Re1 Nc5 40. Rxd6 Rxd6
41. e5+ Ke7 42. exd6+ Kxd6 43. Rd1+ Ke7 44. Kf3 Nb7 45. Na4 Nd6 46. Nb6 Rc6 47.
c5 Ne4 48. b4 a5 49. Rd7+ Kf6 50. a3 axb4 51. axb4 g5 52. fxg5+ Nxg5+ 53. Ke3
Ne4 54. Na4 Ra6 55. Nb2 Nxg3 56. b5 Ra3+ 57. Rd3 Rxd3+ 58. Kxd3 Ne4 59. Kc4 Ke7
60. b6 Kd7 61. Nd3 Nd2+ 62. Kb5 Nb3 63. Ne5+ Kc8 64. c6 f4 65. Nd7 Nd4+ 66. Kc5
Nb3+ 67. Kd6 Na5 68. Ne5 Kd8 69. b7 1-0

[Event "European Blitz Championship 2021"]
[Site "Katowice"]
[Date "2021.12.17"]
[Round "10.17"]
[White "Balog, Imre"]
[Black "Zakrzewski, Marek"]
[Result "0-1"]
[WhiteElo "2573"]
[BlackElo "2279"]
[Annotator "ChessBase"]
[PlyCount "67"]
[EventDate "2021.12.17"]
[EventType "swiss"]
[EventCountry "POL"]
[SourceTitle "playchess.com"]
[Source "ChessBase"]
[SourceQuality "1"]

1. d4 d5 2. Nf3 Nf6 3. c4 c6 4. Qc2 dxc4 5. Qxc4 Bf5 6. g3 e6 7. Bg2 Nbd7 8.
O-O Be7 9. e3 O-O 10. Qe2 b5 11. Nbd2 Rc8 12. a4 Qb6 13. a5 Qb8 14. a6 c5 15.
dxc5 Nxc5 16. Ne1 Rfd8 17. e4 Bg6 18. Ra5 Nxa6 19. Rxb5 Qc7 20. Nb3 Nc5 21.
Nxc5 Bxc5 22. Bg5 Bh5 23. Bf3 Bxf3 24. Nxf3 Be7 25. Ra1 h6 26. Bxf6 Bxf6 27.
Rba5 Rd7 28. Kg2 Qb6 29. e5 Be7 30. Ra6 Qb8 31. R1a4 Bc5 32. Rg4 Qb7 33. Raa4
Rcd8 34. Rge4 0-1

[Event "European Blitz Championship 2021"]
[Site "Katowice"]
[Date "2021.12.17"]
[Round "10.17"]
[White "Jaskolka, Tomasz"]
[Black "Piesik, Piotr"]
[Result "1-0"]
[WhiteElo "2193"]
[BlackElo "2336"]
[Annotator "NA"]
[PlyCount "78"]
[EventDate "2021.12.17"]
[EventType "swiss"]
[EventCountry "POL"]
[SourceTitle "playchess.com"]
[Source "ChessBase"]
[SourceQuality "1"]

1. d4 c5 2. d5 e5 3. e4 d6 4. Nf3 Be7 5. Nc3 a6 6. a4 Bg4 7. Be2 Bxf3 8. Bxf3
Bg5 9. Bg4 Bxc1 10. Qxc1 Ne7 11. O-O O-O 12. Bh3 Nd7 13. f4 exf4 14. Qxf4 Ne5
15. Nd1 b5 16. Ne3 Qb6 17. Qg5 Ra7 18. axb5 axb5 19. Rab1 c4 20. Kh1 Qd4 21.
Bf5 h6 22. Qg3 Ra2 23. c3 Qa7 24. h3 Rb8 25. Rf4 Ra1 26. Rxa1 Qxa1+ 27. Kh2
Qxb2 28. Ng4 Nxg4+ 29. Rxg4 b4 30. Rxg7+ Kf8 31. Rh7 Qxc3 32. Qxd6 Re8 33.
Qxh6+ Kg8 34. Rxf7 Qe5+ 35. Kg1 Qd4+ 36. Kf1 Qa1+ 37. Kf2 Qd4+ 38. Kg3 Qe5+ 39.
Kg4 Nxf5 1-0

[Event "European Blitz Championship 2021"]
[Site "Katowice"]
[Date "2021.12.17"]
[Round "10.18"]
[White "Mis, Mieszko"]
[Black "Durarbayli, Vasif"]
[Result "0-1"]
[WhiteElo "2200"]
[BlackElo "2629"]
[Annotator "ChessBase"]
[PlyCount "48"]
[EventDate "2021.12.17"]
[EventType "swiss"]
[EventCountry "POL"]
[SourceTitle "playchess.com"]
[Source "ChessBase"]
[SourceQuality "1"]

1. d4 Nf6 2. c4 e6 3. Nc3 Bb4 4. e3 b6 5. Nf3 Bb7 6. Bd2 c5 7. a3 Ba5 8. b4
cxb4 9. Nb5 Bxf3 10. Qxf3 Nc6 11. d5 bxa3 12. Bxa5 Nxa5 13. dxe6 O-O 14. exf7+
Rxf7 15. Nd6 Qf8 16. c5 Re7 17. Rxa3 Rb8 18. Be2 Kh8 19. O-O Nc6 20. cxb6 axb6
21. Qh3 Re6 22. Nf5 Qxa3 23. Qg3 Qf8 24. Nxg7 Qxg7 0-1

[Event "European Blitz Championship 2021"]
[Site "Katowice"]
[Date "2021.12.17"]
[Round "10.18"]
[White "Wikar, Martyna"]
[Black "Jagodzinski, Piotr"]
[Result "0-1"]
[WhiteElo "2168"]
[BlackElo "2298"]
[Annotator "ChessBase"]
[PlyCount "102"]
[EventDate "2021.12.17"]
[EventType "swiss"]
[EventCountry "POL"]
[SourceTitle "playchess.com"]
[Source "ChessBase"]
[SourceQuality "1"]

1. e4 c6 2. d4 d5 3. Nc3 dxe4 4. Nxe4 Nf6 5. Nxf6+ exf6 6. c3 Bd6 7. Bd3 O-O 8.
Ne2 Na6 9. Qc2 h6 10. Be3 Nc7 11. O-O Nd5 12. Bd2 Qc7 13. Ng3 Re8 14. Rfe1 Be6
15. a3 b5 16. a4 a6 17. Kh1 Nf4 18. Be4 Nd5 19. Bf3 Rad8 20. axb5 axb5 21. Ne4
Bf8 22. b4 Nb6 23. Nc5 Bxc5 24. bxc5 Nc4 25. Ra6 Bd7 26. Rxe8+ Rxe8 27. g3 Qc8
28. Ra7 Bf5 29. Qd1 Qe6 30. Bf4 Bh3 31. Ra1 g5 32. Bd2 Kg7 33. Bg2 Bg4 34. f3
Bf5 35. Qe1 Qd7 36. Qf2 h5 37. Re1 Ra8 38. Bc1 Ra1 39. f4 g4 40. Qe2 Rb1 41.
Qf2 Ra1 42. Qe2 Be6 43. Kg1 Bd5 44. Qf2 Bxg2 45. Qxg2 Qf5 46. Qe2 Qd5 47. Qg2
Qf5 48. Qe2 h4 49. Rf1 h3 50. Bd2 Ra2 51. Rd1 Qd5 0-1

[Event "European Blitz Championship 2021"]
[Site "Katowice"]
[Date "2021.12.17"]
[Round "10.19"]
[White "Donchenko, Alexander"]
[Black "Swicarz, Maciej"]
[Result "1-0"]
[WhiteElo "2645"]
[BlackElo "2131"]
[Annotator "ChessBase"]
[PlyCount "43"]
[EventDate "2021.12.17"]
[EventType "swiss"]
[EventCountry "POL"]
[SourceTitle "playchess.com"]
[Source "ChessBase"]
[SourceQuality "1"]

1. d4 f5 2. g3 Nf6 3. Bg2 g6 4. c4 Bg7 5. Nf3 d6 6. O-O O-O 7. Nc3 Qe8 8. Re1
Qf7 9. Bd2 Qxc4 10. Rc1 Qa6 11. e4 c6 12. exf5 Bxf5 13. Rxe7 Nbd7 14. Qb3+ Kh8
15. Ng5 d5 16. Nf7+ Kg8 17. Nd6 Bd3 18. Bh3 Nb6 19. Nxb7 Ne4 20. Nxe4 Bxe4 21.
Nc5 Qe2 22. Nxe4 1-0

[Event "European Blitz Championship 2021"]
[Site "Katowice"]
[Date "2021.12.17"]
[Round "10.19"]
[White "Rudecki, Bartosz"]
[Black "Przybylski, Wojciech"]
[Result "0-1"]
[WhiteElo "1770"]
[BlackElo "2247"]
[Annotator "NA"]
[PlyCount "82"]
[EventDate "2021.12.17"]
[EventType "swiss"]
[EventCountry "POL"]
[SourceTitle "playchess.com"]
[Source "ChessBase"]
[SourceQuality "1"]

1. e4 e5 2. Nf3 Nc6 3. Nc3 Nf6 4. Nxe5 Nxe5 5. d4 Nc6 6. d5 d6 7. dxc6 bxc6 8.
Bg5 Be7 9. Bd3 O-O 10. O-O Nd7 11. Bxe7 Qxe7 12. f4 Rb8 13. b3 Re8 14. Qh5 Nf8
15. Kh1 Qf6 16. Qa5 Bb7 17. Ne2 Qe7 18. Qxa7 c5 19. Ng3 Bc6 20. Qa5 g6 21. Qc3
Ne6 22. f5 Nd4 23. f6 Qf8 24. a4 Qh6 25. a5 Qg5 26. a6 h5 27. a7 Ra8 28. Qe1 h4
29. Ne2 h3 30. Ng3 hxg2+ 31. Kxg2 Ne6 32. Qc1 Qh4 33. Qe3 d5 34. exd5 Bxd5+ 35.
Kg1 Ng5 36. Ne4 Nxe4 37. Bxe4 Rxe4 38. Qg3 Rg4 39. Kf2 Rxg3 40. hxg3 Qd4+ 41.
Ke2 Re8# 0-1

[Event "European Blitz Championship 2021"]
[Site "Katowice"]
[Date "2021.12.17"]
[Round "10.20"]
[White "Pultinevicius, Paulius"]
[Black "Karolczuk, Iwo"]
[Result "1/2-1/2"]
[WhiteElo "2546"]
[BlackElo "2093"]
[Annotator "ChessBase"]
[PlyCount "48"]
[EventDate "2021.12.17"]
[EventType "swiss"]
[EventCountry "POL"]
[SourceTitle "playchess.com"]
[Source "ChessBase"]
[SourceQuality "1"]

1. d4 Nf6 2. c4 g6 3. Nc3 Bg7 4. e4 O-O 5. h3 d6 6. Be3 c5 7. d5 e6 8. Bd3 exd5
9. exd5 Nbd7 10. Nf3 Re8 11. O-O Nh5 12. Qd2 a6 13. a4 Ne5 14. Nxe5 Bxe5 15.
Rae1 Bd7 16. f4 Bg7 17. g4 Qh4 18. Ne4 Nf6 19. Nxf6+ Bxf6 20. Kg2 Bxg4 21. hxg4
Qxg4+ 22. Kh2 Qh4+ 23. Kg2 Qg4+ 24. Kh2 Qh4+ 1/2-1/2

[Event "European Blitz Championship 2021"]
[Site "Katowice"]
[Date "2021.12.17"]
[Round "10.20"]
[White "Walter, Szymon"]
[Black "Lewtak, Dominik"]
[Result "1-0"]
[WhiteElo "2277"]
[BlackElo "2165"]
[Annotator "NA"]
[PlyCount "71"]
[EventDate "2021.12.17"]
[EventType "swiss"]
[EventCountry "POL"]
[SourceTitle "playchess.com"]
[Source "ChessBase"]
[SourceQuality "1"]

1. e4 c5 2. Nc3 e6 3. f4 d5 4. Nf3 dxe4 5. Bb5+ Bd7 6. Bxd7+ Nxd7 7. Nxe4 Ngf6
8. d3 Be7 9. Qe2 O-O 10. O-O Rc8 11. c4 Nb8 12. b3 Nc6 13. Bb2 Nd4 14. Nxd4
cxd4 15. Qf3 b6 16. Rae1 Bc5 17. Re2 Nxe4 18. Qxe4 Qd7 19. Bc1 b5 20. Bd2 bxc4
21. bxc4 Rb8 22. Be1 Rb1 23. Bf2 Rb4 24. Qe5 Rc8 25. Rfe1 h6 26. Qh5 Be7 27. f5
Bg5 28. fxe6 fxe6 29. Rxe6 Rf8 30. Re8 Rb8 31. Rxb8 Rxb8 32. h4 Bf6 33. Qg6 Qd8
34. Re4 Qd6 35. Bg3 Rb1+ 36. Kh2 1-0

[Event "European Blitz Championship 2021"]
[Site "Katowice"]
[Date "2021.12.17"]
[Round "10.21"]
[White "Dragnev, Valentin"]
[Black "Batashevs, Arsens"]
[Result "1-0"]
[WhiteElo "2548"]
[BlackElo "2091"]
[Annotator "ChessBase"]
[PlyCount "61"]
[EventDate "2021.12.17"]
[EventType "swiss"]
[EventCountry "POL"]
[SourceTitle "playchess.com"]
[Source "ChessBase"]
[SourceQuality "1"]

1. e4 g6 2. d4 Bg7 3. Nf3 d6 4. Be3 Nd7 5. Qd2 e6 6. c4 h6 7. Nc3 Ne7 8. Be2 b6
9. O-O Bb7 10. Rad1 a6 11. Rfe1 Kf8 12. Bd3 Kg8 13. b4 Kh7 14. Qc2 e5 15. dxe5
dxe5 16. c5 Qc8 17. Bc4 Rf8 18. Qb3 Kg8 19. Be6 Nxc5 20. Bxc8 Nxb3 21. Bxb7 Ra7
22. axb3 Rxb7 23. Rd7 Nc6 24. Nd5 a5 25. b5 Na7 26. Rxc7 Rxc7 27. Nxc7 Rc8 28.
Bxb6 Nxb5 29. Nxb5 Rb8 30. Bxa5 Rxb5 31. b4 1-0

[Event "European Blitz Championship 2021"]
[Site "Katowice"]
[Date "2021.12.17"]
[Round "10.22"]
[White "Paczka, Patryk"]
[Black "Papasimakopoulos, Alexandros"]
[Result "0-1"]
[WhiteElo "1909"]
[BlackElo "2394"]
[Annotator "NA"]
[PlyCount "67"]
[EventDate "2021.12.17"]
[EventType "swiss"]
[EventCountry "POL"]
[SourceTitle "playchess.com"]
[Source "ChessBase"]
[SourceQuality "1"]

1. e4 e6 2. d4 d5 3. e5 b6 4. Qg4 Ba6 5. Bxa6 Nxa6 6. Nf3 Nb4 7. Na3 c5 8. O-O
Ne7 9. Bg5 Qd7 10. c3 Nbc6 11. dxc5 bxc5 12. Rad1 Ng6 13. Rfe1 h6 14. Bf4 Qb7
15. b3 Be7 16. h4 Nxf4 17. Qxf4 O-O 18. g4 c4 19. b4 a5 20. b5 Na7 21. Nc2 Nxb5
22. Rb1 Qd7 23. h5 Nxc3 24. g5 hxg5 25. Nxg5 Nxb1 26. h6 gxh6 27. Nh3 Kh7 28.
Nd4 Nc3 29. Re3 Rg8+ 30. Kh2 Rg7 31. Qf3 Ne4 32. Rxe4 Rag8 33. Rf4 Bc5 34. Ne2
0-1

[Event "European Blitz Championship 2021"]
[Site "Katowice"]
[Date "2021.12.17"]
[Round "10.22"]
[White "Kulesza, Andrzej"]
[Black "Brzezinski, Mateusz"]
[Result "0-1"]
[WhiteElo "1740"]
[BlackElo "2201"]
[Annotator "ChessBase"]
[PlyCount "80"]
[EventDate "2021.12.17"]
[EventType "swiss"]
[EventCountry "POL"]
[SourceTitle "playchess.com"]
[Source "ChessBase"]
[SourceQuality "1"]

1. e4 c6 2. d4 d5 3. e5 c5 4. dxc5 Nc6 5. Nf3 Bg4 6. a3 e6 7. b4 Bxf3 8. Qxf3
Nxe5 9. Bb5+ Nc6 10. Bb2 Nf6 11. Nd2 Be7 12. O-O O-O 13. Rfe1 Rc8 14. Rad1 b6
15. cxb6 Qxb6 16. Bd3 a5 17. b5 Nd4 18. Bxd4 Qxd4 19. Nb3 Qc3 20. a4 Bb4 21.
Qe2 Rfe8 22. f4 Qc7 23. Rf1 Nd7 24. Kh1 Nc5 25. Nxc5 Qxc5 26. Qg4 f5 27. Qh5
Bc3 28. Rf3 g6 29. Qh4 Qb4 30. Rh3 Rc7 31. Rg1 Rf8 32. g4 Qxf4 33. gxf5 Qxh4
34. Rxh4 exf5 35. Rb1 f4 36. Rh3 f3 37. Kg1 Re7 38. Kf2 Bd4+ 39. Kf1 f2 40. Kg2
Re1 0-1

[Event "European Blitz Championship 2021"]
[Site "Katowice"]
[Date "2021.12.17"]
[Round "10.23"]
[White "Spalir, Jernej"]
[Black "Warchol, Kamil"]
[Result "0-1"]
[WhiteElo "2368"]
[BlackElo "1706"]
[Annotator "ChessBase"]
[PlyCount "130"]
[EventDate "2021.12.17"]
[EventType "swiss"]
[EventCountry "POL"]
[SourceTitle "playchess.com"]
[Source "ChessBase"]
[SourceQuality "1"]

1. d4 d6 2. Nf3 Bg4 3. Nbd2 Nd7 4. g3 c6 5. Bg2 Ngf6 6. O-O Qc7 7. c4 e5 8. Qc2
Be7 9. b3 O-O 10. Bb2 Rfe8 11. h3 Bh5 12. Nh4 Bf8 13. e3 exd4 14. Bxd4 Ne5 15.
Rac1 Be2 16. Rfe1 Bd3 17. Qc3 Bg6 18. Nxg6 hxg6 19. Qc2 Rad8 20. a4 Ned7 21.
Red1 Qb8 22. b4 Qc7 23. b5 c5 24. Bc3 Nb6 25. e4 Nfd7 26. a5 Nc8 27. Nf1 Ne7
28. Ne3 Nf6 29. Qb2 b6 30. Ra1 Nd7 31. Rd2 Ne5 32. f4 Nd7 33. g4 Nb8 34. Ra3
Nd7 35. Qa1 Nb8 36. g5 Kh7 37. axb6 axb6 38. Ra7 Qc8 39. Ng4 Kg8 40. Kh2 Rd7
41. e5 Rxa7 42. Qxa7 dxe5 43. Nxe5 Qf5 44. Kg3 Qe6 45. Qb7 Nf5+ 46. Kh2 Nd4 47.
Bxd4 cxd4 48. Rxd4 Bc5 49. Rd2 Qf5 50. Qf3 f6 51. gxf6 gxf6 52. Qd5+ Kh8 53.
Nf7+ Kg7 54. Qxf5 gxf5 55. Nd6 Re1 56. Nxf5+ Kg6 57. Ng3 Be3 58. Bf1 Bxf4 59.
Kg2 Kf7 60. Bd3 Be5 61. Ne4 Ra1 62. Kf3 Nd7 63. Ke2 Nc5 64. Ra2 Bf4 65. Rxa1
Be5 0-1

[Event "European Blitz Championship 2021"]
[Site "Katowice"]
[Date "2021.12.17"]
[Round "10.23"]
[White "Pelka, Michal"]
[Black "Baum, Jonasz"]
[Result "0-1"]
[WhiteElo "1709"]
[BlackElo "2157"]
[Annotator "NA"]
[PlyCount "77"]
[EventDate "2021.12.17"]
[EventType "swiss"]
[EventCountry "POL"]
[SourceTitle "playchess.com"]
[Source "ChessBase"]
[SourceQuality "1"]

1. e4 c5 2. b4 e5 3. Nf3 Nf6 4. Nxe5 cxb4 5. Bc4 d5 6. Bb5+ Nbd7 7. exd5 Bd6 8.
Nf3 O-O 9. O-O Ne5 10. h3 Nxf3+ 11. Qxf3 Be5 12. c3 Qxd5 13. Qxd5 Nxd5 14. Bc4
bxc3 15. Nxc3 Nb6 16. Bb3 Bf5 17. Bb2 Rad8 18. Rfe1 Bf6 19. Rad1 h6 20. Ba3
Rfe8 21. Rxe8+ Rxe8 22. d4 Rd8 23. Ne2 Nd5 24. Bc5 b6 25. Ba3 Be6 26. Rc1 Rd7
27. Kf1 Kh7 28. Ke1 g6 29. g3 h5 30. h4 Kg7 31. Rc2 Bf5 32. Rc1 Bg4 33. Rd1 Rd8
34. Rd2 Nc7 35. d5 Nb5 36. Bb4 Re8 37. Kf1 a5 38. Ba4 Bd7 39. Ba3 0-1

[Event "European Blitz Championship 2021"]
[Site "Katowice"]
[Date "2021.12.17"]
[Round "10.24"]
[White "Sumets, Andrey"]
[Black "Zylka, Stanislaw"]
[Result "1/2-1/2"]
[WhiteElo "2527"]
[BlackElo "2143"]
[Annotator "ChessBase"]
[PlyCount "79"]
[EventDate "2021.12.17"]
[EventType "swiss"]
[EventCountry "POL"]
[SourceTitle "playchess.com"]
[Source "ChessBase"]
[SourceQuality "1"]

1. d4 Nf6 2. c4 g6 3. Nc3 d5 4. Nf3 Bg7 5. e3 O-O 6. Be2 c5 7. dxc5 Qa5 8. cxd5
Nxd5 9. Qxd5 Bxc3+ 10. Bd2 Bxd2+ 11. Qxd2 Qxc5 12. b4 Qb6 13. O-O Nc6 14. b5
Rd8 15. Qc3 Na5 16. h3 Be6 17. Nd4 Rac8 18. Qb4 Nc6 19. Nxc6 bxc6 20. Qxe7 cxb5
21. Rfb1 a6 22. a4 Rd2 23. Bf3 Bc4 24. axb5 Bxb5 25. Rc1 Rxc1+ 26. Rxc1 Qd6 27.
Qa7 Kg7 28. h4 h5 29. g3 Qf6 30. Kg2 Be2 31. Bxe2 Rxe2 32. Rf1 Ra2 33. Qc5 a5
34. e4 a4 35. e5 Qe6 36. Rd1 Re2 37. Ra1 Rxe5 38. Qd4 Qd5+ 39. Qxd5 Rxd5 40.
Rxa4 1/2-1/2

[Event "European Blitz Championship 2021"]
[Site "Katowice"]
[Date "2021.12.17"]
[Round "10.24"]
[White "Sliwicki, Damian"]
[Black "Budzisz, Adrian"]
[Result "0-1"]
[WhiteElo "2151"]
[BlackElo "1985"]
[Annotator "NA"]
[PlyCount "37"]
[EventDate "2021.12.17"]
[EventType "swiss"]
[EventCountry "POL"]
[SourceTitle "playchess.com"]
[Source "ChessBase"]
[SourceQuality "1"]

1. e4 e6 2. Qe2 Be7 3. d4 d5 4. e5 c5 5. c3 Nc6 6. Qg4 g6 7. Nf3 Qb6 8. h4 h5
9. Qf4 Nh6 10. Bd3 cxd4 11. cxd4 Nb4 12. Qd2 Nxd3+ 13. Qxd3 Nf5 14. Nc3 Bd7 15.
Bg5 Rc8 16. Bxe7 Kxe7 17. O-O Qxb2 18. Rfc1 Qa3 19. Nxd5+ 0-1